| 000 | 01110cam a2200313 4500 | ||
|---|---|---|---|
| 008 | 011015n2002 000 0 eng u | ||
| 020 | _a0406946426 | ||
| 035 | _a(Sirsi) u115118 | ||
| 041 | _aeng. | ||
| 050 | _a625.7026 | ||
| 100 | _aHancox, N. | ||
| 245 | _aHighways law and practice | ||
| 260 |
_aLondon _bButterworths _c2002 |
||
| 300 |
_axxxi,261p. _c26cm. |
||
| 350 | _a68 | ||
| 520 | _aGives a detailed account of the common law and statutory provisions on the creation, maintenance and management of highways. Public footpaths and other rights of way on the Definitive Maps and the Right to Roam under the Countryside and Rights of Way Act 2000 are also included. | ||
| 650 | _aHIGHWAY LAW | ||
| 650 | _aSTREET WORKS | ||
| 650 | _aPROPERTY-INFRASTRUCTURE-TRANSPORT INFRASTRUCTURE-ROAD INFRASTRUCTURE | ||
| 650 | _aPUBLIC FOOTPATHS | ||
| 650 | _aCOUNTRYSIDE AND RIGHTS OF WAY ACT 2000 | ||
| 650 | _aHIGHWAYS ACT 1980 | ||
| 650 | _aRIGHT TO ROAM | ||
| 650 | _aBRIDGES | ||
| 650 | _aWATERCOURSES | ||
| 690 | _aTRANSPORT AND COMMUNICATIONS | ||
| 700 | _aWald, R. | ||
| 942 | _n0 | ||
| 999 |
_c101710 _d101710 |
||